Foreign footballers in PL #18 Fulham F.C. - Statistics

General Stats
  • This quiz has been taken 11 times
  • The average score is 7 of 10
Answer Stats
Nationality Footballer % Correct
Norway John Arne Riise, Stefan Johansen, Havard Nordtveit
100%
Spain Jozabed Sánchez, Fabricio, Sergio Rico
100%
Jamaica Bobby Reid, Michael Hector
86%
Ireland Sean Kavanagh, Cyrus Christie, Harry Arter
86%
Ivory Coast Seko Fofana, Cyriac, Jean Michaël Seri
86%
Belgium Denis Odoi
71%
Democratic Republic of the Congo Neeskens Kebano
71%
Nigeria Sone Aluko, Josh Maja, Ola Aina
57%
Denmark Lasse Vigen, Joachim Andersen
43%
Northern Ireland Chris Baird, Oliver Norwood
29%
No matching quizzes found
Score Distribution
Percent of People with Each Score
Percentile by Number Answered
Your Score History
You have not taken this quiz